000 00574nam a2200205Ii 4500
001 12004
003 CO-ViMGA
008 241108s9999||||xx |||||||||||||| ||und||
040 _aCO-ViMGA
_bspa
_erda
_cCO-ViMGA
041 0 _aspa
082 0 4 _a330.9 Ch542
100 1 _aMichael Chisholm
_950546
245 1 0 _aGeografía y economía
264 1 _aMadrid, España : Oikos-tau, 1969
300 _avolumen
336 _atext
_btxt
_2rdacontent
337 _aunmediated
_bn
_2rdamedia
338 _avolume
_bnc
_2rdacarrier
940 _aidficha_siabuc: 11714. -- ficha_no_siabuc:12004
999 _c45231
_d45231